| 000 | 00418nam a22001457a 4500 | ||
|---|---|---|---|
| 005 | 20180312125704.0 | ||
| 008 | 170619b xxu||||| |||| 00| 0 eng d | ||
| 040 | _cPK-LaUMT | ||
| 082 |
_aZIAC 004.62 _bKRU-C |
||
| 100 | _aKrutz , Ronald L. | ||
| 245 |
_aThe CISSP prep guide : _bgold edition, _cRonald L. Krutz and Russell Dean Vines |
||
| 260 |
_aNew York: _bWiley publishing, _c[ ] |
||
| 300 | _a944 p. | ||
| 942 | _cBK | ||
| 999 |
_c94738 _d94738 |
||